|
|
|
|
| LEADER |
00000cam a2200000 7i4500 |
| 001 |
0000006255 |
| 002 |
000006752 |
| 005 |
20000330.0 |
| 020 |
|
|
|a 9679784983
|
| 090 |
0 |
0 |
|a 338.9595
|b MAL
|
| 245 |
0 |
0 |
|a Malaysia's economy in the nineties
|c edited by Jomo K.S
|
| 260 |
|
|
|a Petaling Jaya :
|b Pelanduk Publications ,
|c 1994
|
| 300 |
|
|
|a 294 p. :
|b ill ;
|c 22 cm.
|
| 651 |
|
0 |
|a Malaysia
|x Econnomic conditions
|y 1981
|
| 651 |
|
0 |
|a Malaysia
|x Economic policy
|y 1981
|
| 651 |
|
0 |
|a Malaysia
|x Industries
|
| 700 |
0 |
|
|a Jomo K.S
|
| 999 |
|
|
|a 039057
|b BUKU
|c MALAYSIANA
|e PERPUSTAKAAN KOMUNITI PETALING JAYA
|